000 00494nam a2200181Ia 4500
008 240925s9999 xx 000 0 und d
020 _a852297823
082 _a030 BRI
100 _aEncyclopeadia, Britanica
245 0 _aBritannica Book of the Year 2001
250 _aNA
260 _aChicago:
_bEncyclopadia Britanic
_c,1998.
300 _axxvi,869p.
_bNA
_fOriginal
500 _aIncludes Bibliography
600 _aHumanities & Natural Science
650 _aEncyclopedia
942 _cBK
999 _c6962
_d6962